Tesoro mitológico del archipielago de Chiloé: bosquejo interpretativo

Сохранить в:
Библиографические подробности
Главный автор: García Barría, Narciso (Автор)
Формат:
Язык:испанский
Опубликовано: Santiago Andrés Bello 1989
Редактирование:4a. ed
Серии:Colección Biblioteca Andrés Bello, 66
Предметы:
Метки: Добавить метку
Нет меток, Требуется 1-ая метка записи!

MARC

LEADER 00000nam a2200000 a 4500
001 UCW5241
003 CL-VaPUC
008 910125e19890000CL |||||||||||||||||spa|d
082 0 4 |a 398.2  |b GAR  |2 21 
100 |a García Barría, Narciso  |e author  |9 543296 
245 1 0 |a Tesoro mitológico del archipielago de Chiloé: bosquejo interpretativo 
250 |a 4a. ed 
300 |a 160 p 
942 |c BK 
945 |d 19910125 00:00:00 
260 |a Santiago  |b Andrés Bello  |c 1989 
650 7 |a LEYENDAS  |2 CL-VaPUC  |9 265258 
650 7 |a FOLKLORE  |2 CL-VaPUC  |9 268291 
651 7 |a SLA DE CHILOE, CHILE  |2 CL-VaPUC  |9 310141 
583 |a last modification  |c 19910125 00:00:00  |k Rodrigo Vera 
490 0 |a Colección Biblioteca Andrés Bello, 66 
999 |c 218724  |d 218722 
952 |0 0  |1 0  |4 0  |6 398_200000000000000_GAR_1989  |7 0  |8 A  |9 208755  |a BIBEDU  |b BIBEDU  |d 2019-11-15  |i 2765802  |o 398.2 GAR 1989  |p 2765802  |r 2019-11-15  |w 2019-11-15  |y BK  |k LIT 
952 |0 0  |1 0  |4 0  |6 398_200000000000000_GAR_1989  |7 0  |8 A  |9 208756  |a BIBEDU  |b BIBEDU  |d 2019-11-15  |i 2765810  |o 398.2 GAR 1989  |p 2765810  |r 2019-11-15  |w 2019-11-15  |y BK  |k EDU 
952 |0 0  |1 0  |4 0  |6 398_200000000000000_GAR_1989  |7 0  |8 A  |9 208757  |a BIBEDU  |b BIBEDU  |d 2019-11-15  |i 2765829  |o 398.2 GAR 1989  |p 2765829  |r 2019-11-15  |w 2019-11-15  |y BK  |k EDU